| 000 | 00492nam a2200169 4500 | ||
|---|---|---|---|
| 001 | 118925 | ||
| 003 | ES-MaACL | ||
| 005 | 20230906191215.0 | ||
| 007 | t| | ||
| 008 | 070214s1912 fr r ||||1| fre d | ||
| 100 | 1 |
_aPic, Paul. _991763 |
|
| 245 | 1 | 0 |
_aTraité élémentaire de législation industrielle _b: les lois ouvrières / _cpar Paul Pic. |
| 250 | _a4e éd. | ||
| 260 |
_aParis : _bArthur Rousseau, _c1912. |
||
| 300 |
_aXV, 1206, 20 p. ; _c23 x 14 cm. |
||
| 852 |
_aES-MaACL _jB-118 |
||
| 999 |
_c118925 _d118925 |
||